• 首页
  • 本馆介绍
  • 公告通知
  • 最新文献
  • 馆藏检索
  • 电子资源
  • 读者导购
  • 参考咨询
  • 我的图书馆
  • 登录
  • 详细信息显示
  • 放入我的书架
  • 预约/预借图书
  • 作者相关作品
  • 分类相关作品
  • 丛书相关作品
  • 出版社相关作品

书目信息

  • 表格格式
  • 工作单格式
  • 卡片格式
题名:
晚清华洋商事纠纷研究
    
 
作者: 蔡晓荣 著
分册:  
出版信息: 北京   中华书局  2013
页数: 313页
开本: 24cm
丛书名:
单 册:
中图分类: D929.52
科图分类:
主题词: 对外贸易--Dui Wai Mao Yi--经济纠纷--法制史--研究--中国--清后期
电子资源:
ISBN: 978-7-101-09874-7
000 01213nam0 22002531 450
001 350181
005 20161009082955.60
010    @a978-7-101-09874-7@dCNY60.00
100    @a20140515d2013 kemy0chiy50 ea
101 0  @achi
102    @aCN@b110000
105    @ay v 000yy
106    @ar
200 1  @a晚清华洋商事纠纷研究@AWan Qing Hua Yang Shang Shi Jiu Fen Yan Jiu@dOn Sino-foreign commercial disputes of the late Qing Dynasty@f蔡晓荣著@zeng
210    @a北京@c中华书局@d2013
215    @a313页@d24cm
300    @a国家社科基金后期资助项目
330    @a本书考察、分析了晚清华洋商事纠纷的主要类型、司法和民间层面的解决方式及其对中国法律变迁的影响等。研究内容包括:公行制度时期的“行欠”纠纷及五口通商后华洋商事纠纷之日益彰显、晚清华洋商事纠纷主要样态考察、国家权力架构内的华洋商事纠纷解决范式、华洋商事纠纷之解决在民间系统的运作——以华商组织和外籍律师的参预角色为中心、华洋商事纠纷与晚清法律变迁。
510 1  @aOn Sino-foreign commercial disputes of the late Qing Dynasty@zeng
606 0  @a对外贸易@ADui Wai Mao Yi@x经济纠纷@x法制史@x研究@y中国@z清后期
690    @aD929.52@v5
701  0 @a蔡晓荣@ACai Xiao Rong@f(1974~)@4著
801  0 @aCN@bTANGWEI@c20160803
905    @b0888730-4@dD929.52@e570@f5
    
    晚清华洋商事纠纷研究=On Sino-foreign commercial disputes of the late Qing Dynasty/蔡晓荣著.-北京:中华书局,2013
    313页;24cm
    国家社科基金后期资助项目
    
    ISBN 978-7-101-09874-7:CNY60.00
    本书考察、分析了晚清华洋商事纠纷的主要类型、司法和民间层面的解决方式及其对中国法律变迁的影响等。研究内容包括:公行制度时期的“行欠”纠纷及五口通商后华洋商事纠纷之日益彰显、晚清华洋商事纠纷主要样态考察、国家权力架构内的华洋商事纠纷解决范式、华洋商事纠纷之解决在民间系统的运作——以华商组织和外籍律师的参预角色为中心、华洋商事纠纷与晚清法律变迁。
●
相关链接 在E读中查询图书 在五车中查询图书 在当当中查询图书 在豆瓣中查询图书


正题名:晚清华洋商事纠纷研究     索取号:D929.52/570         预约/预借

序号 登录号 条形码 馆藏地/架位号 状态 备注
1 0888730   208887301   第一样本阅览室/ [索取号:D929.52/570] 在馆    
2 0888731   208887310   第一借阅区/ [索取号:D929.52/570] 在馆    
3 0888732   208887329   第一借阅区/ [索取号:D929.52/570] 在馆    
4 0888733   208887338   第一借阅区/ [索取号:D929.52/570] 在馆    
5 0888734   208887347   密集书库-史法系/ [索取号:D929.52/570] 在馆    
唐山师范学院图书馆 欢迎您!
大连网信软件有限公司© 版权所有